000 00730nam a2200229 a 4500
001 000013176
005 20240412074238.0
008 091120s1986 dr 000 j spa d
040 _aDO-SdBNP
_bspa
_cBNPHU
082 _aRD863.44
_bU76c
100 1 _aUribe, Pedro,
_d1949-
_924698
245 1 0 _aCículo de ceniza /
_cPedro Uribe.
260 _aSanto Domingo :
_bTaller,
_c1986.
300 _a111 p. ;
_c19 cm.
490 1 _aBiblioteca taller
_v216
500 _aIncluye breve biografía del autor en la contra cubierta
590 _aInventariado, 2020/VM
650 0 _aCuentos dominicanos
_9176
650 0 _aLiteratura dominicana.
_967
830 0 _aBibioteca taller
_v216
_930258
910 _aValidado. Control de calidad MFF
999 _c12815
_d12815